[Event "FSV-ch 2009"]
[Site "Dortmund"]
[Date "2009.05.07"]
[Round "5.15"]
[White "Schaefer, Ulrich"]
[Black "Rzoczek, Christoph"]
[Result "0-1"]
[WhiteElo "1328"]
[BlackElo "1609"]
[PlyCount "110"]
[EventDate "2009.??.??"]
[SourceDate "2009.04.03"]

1. e4 d5 2. exd5 Qxd5 3. Nc3 Qa5 4. d4 Nf6 5. Bd2 c6 6. h3 Nbd7 7. Nf3 Qc7 8.
Bc4 e6 9. O-O Bd6 10. Re1 O-O 11. Bg5 Bf4 12. Bxf4 Qxf4 13. Ne2 Qc7 14. Bd3 b5
15. c3 Bb7 16. Ng3 Rad8 17. Qe2 Rfe8 18. Ne5 Qd6 19. Nxd7 Rxd7 20. Nh5 Qe7 21.
Qe5 Nxh5 22. Qxh5 g6 23. Qh6 Qf6 24. Re4 Red8 25. Rh4 Qg7 26. Re1 Qxh6 27. Rxh6
a6 28. Re4 Kg7 29. Reh4 Rh8 30. g4 c5 31. g5 cxd4 32. Rxd4 Rxd4 33. cxd4 f6 34.
f4 Rd8 35. Kf2 Rxd4 36. Ke3 Rd6 37. Rh4 f5 38. Be2 b4 39. b3 Rc6 40. Bc4 Rd6
41. Rh6 a5 42. h4 Ba6 43. Bxa6 Rxa6 44. h5 a4 45. hxg6 hxg6 46. Rh2 axb3 47.
axb3 Rc6 48. Rb2 Rc3+ 49. Ke2 Rh3 50. Ke1 Rf3 51. Re2 Kf7 52. Rd2 Rxf4 53. Rd7+
Kf8 54. Rd8+ Ke7 55. Rb8 Rg4 0-1

[Event "FSV-ch 2009"]
[Site "Dortmund"]
[Date "2009.05.07"]
[Round "5.16"]
[White "Weischer, Wolfgang"]
[Black "Hübel, Carsten"]
[Result "1/2-1/2"]
[WhiteElo "1578"]
[BlackElo "1272"]
[PlyCount "52"]
[EventDate "2009.??.??"]
[SourceDate "2009.04.03"]

1. e4 c5 2. Nc3 Nc6 3. Bb5 Nf6 4. f4 Nd4 5. Bc4 d6 6. Nf3 Bg4 7. e5 Nd7 8.
Bxf7+ Kxf7 9. Ng5+ Kg8 10. Qxg4 Qe8 11. O-O h5 12. Qh3 dxe5 13. fxe5 Nxe5 14.
Ne6 Qc6 15. Nxd4 cxd4 16. Ne2 Rd8 17. Qf5 Qd6 18. Nf4 g6 19. Qe6+ Kg7 20. d3
Kh7 21. Bd2 Bh6 22. Qxd6 Rxd6 23. Bb4 Bxf4 24. Bxd6 Be3+ 25. Kh1 exd6 26. g3
Kg7 1/2-1/2

[Event "FSV-ch 2009"]
[Site "Dortmund"]
[Date "2009.05.07"]
[Round "5.17"]
[White "Benke, Werner"]
[Black "Rüttiger, Volker"]
[Result "1-0"]
[WhiteElo "1555"]
[BlackElo "1261"]
[PlyCount "85"]
[EventDate "2009.??.??"]
[SourceDate "2009.04.03"]

1. e4 e5 2. f4 d5 3. exd5 e4 4. d4 Qxd5 5. c4 Qd8 6. Nc3 Nf6 7. Nge2 b6 8. Ng3
Bb7 9. Be2 Nbd7 10. O-O g6 11. f5 Bg7 12. Bg5 Qc8 13. Qc2 O-O 14. Rad1 Re8 15.
d5 a6 16. fxg6 hxg6 17. Ncxe4 Nxe4 18. Nxe4 f5 19. Nf2 Ne5 20. Bf4 Nf7 21. Nh3
Qd8 22. Bg3 Nd6 23. Nf4 Kh7 24. Ne6 Qe7 25. Bd3 Bc8 26. Rde1 Bxe6 27. Rxe6 Qd7
28. Rfe1 a5 29. Bh4 Qf7 30. Re7 Rxe7 31. Rxe7 Qf8 32. g4 Kh8 33. Qe2 Bf6 34.
Bxf6+ Qxf6 35. Qe3 Kg8 36. g5 Qxb2 37. Qe6+ Kh8 38. Qxg6 Qd4+ 39. Kg2 Qg4+ 40.
Kf2 Qf4+ 41. Ke1 Qc1+ 42. Ke2 Qb2+ 43. Kf3 1-0

[Event "FSV-ch 2009"]
[Site "Dortmund"]
[Date "2009.05.07"]
[Round "5.18"]
[White "Weih, Kurt"]
[Black "Raabe, Hans-Ulrich"]
[Result "0-1"]
[WhiteElo "1291"]
[BlackElo "1520"]
[PlyCount "42"]
[EventDate "2009.??.??"]
[SourceDate "2009.04.03"]

1. e4 e5 2. Nf3 Nc6 3. Bc4 Bc5 4. b4 Bxb4 5. c3 Ba5 6. O-O d6 7. d4 Bd7 8. Qb3
Qe7 9. Ng5 Nh6 10. f4 O-O-O 11. fxe5 dxe5 12. d5 Bb6+ 13. Kh1 Na5 14. d6 Qxd6
15. Rd1 Qc5 16. Ba3 Nxb3 17. Bxc5 Nxa1 18. Ba3 Be6 19. Bxe6+ fxe6 20. Rc1 Ng4
21. h3 Rd1+ 0-1

[Event "FSV-ch 2009"]
[Site "Dortmund"]
[Date "2009.05.07"]
[Round "5.19"]
[White "Stolte, Lukas S"]
[Black "Milonas, Georgios"]
[Result "1/2-1/2"]
[WhiteElo "1222"]
[BlackElo "1425"]
[PlyCount "65"]
[EventDate "2009.??.??"]
[SourceDate "2009.04.03"]

1. e4 c5 2. Nf3 e6 3. c4 Nc6 4. b3 d6 5. Bb2 Nf6 6. d3 e5 7. h3 g6 8. Nbd2 Bg7
9. Be2 Bd7 10. Bc3 Nh5 11. g3 Qc8 12. Bf1 Nf6 13. Bg2 a5 14. a4 O-O 15. g4 Nb4
16. Bxb4 axb4 17. Nh2 Ne8 18. Ndf1 f5 19. Ne3 Be6 20. Ra2 f4 21. Nd5 Bxd5 22.
exd5 Nf6 23. Be4 Qd7 24. f3 Qf7 25. Nf1 Ra7 26. Qb1 Nxe4 27. dxe4 Bf6 28. h4
Qe7 29. Rah2 Rf7 30. h5 gxh5 31. Rxh5 Bg5 32. Qc2 b6 33. Qe2 1/2-1/2

[Event "FSV-ch 2009"]
[Site "Dortmund"]
[Date "2009.05.07"]
[Round "5.21"]
[White "Pfeffer, Josef"]
[Black "Reinacher, Detlev"]
[Result "0-1"]
[WhiteElo "1276"]
[BlackElo "1567"]
[PlyCount "82"]
[EventDate "2009.??.??"]
[SourceDate "2009.04.03"]

1. e4 d6 2. Bc4 g6 3. d3 Bg7 4. c3 Nf6 5. h3 c6 6. a3 Nbd7 7. Nf3 b5 8. Ba2 Bb7
9. Be3 O-O 10. O-O Qc7 11. Bf4 e5 12. Bh2 c5 13. Nbd2 a6 14. Qe2 Rac8 15. Rac1
Nb6 16. b3 Qe7 17. c4 bxc4 18. bxc4 Nh5 19. Bb3 Bh6 20. g3 Kh8 21. Bd1 Rb8 22.
Rb1 Bc8 23. Kg2 Be6 24. Ng1 Qd7 25. g4 Nf4+ 26. Bxf4 Bxf4 27. f3 Rg8 28. Qf2
Qe7 29. Bc2 h5 30. Rfd1 Rb7 31. Ne2 Bxd2 32. Rxd2 f5 33. exf5 gxf5 34. Rg1 fxg4
35. fxg4 Qg5 36. Ng3 Rf7 37. Ne4 Rxf2+ 38. Rxf2 Qh4 39. Bd1 hxg4 40. hxg4 Bxg4
41. Bxg4 Qxg4+ 0-1

[Event "FSV-ch 2009"]
[Site "Dortmund"]
[Date "2009.05.01"]
[Round "5.22"]
[White "Rabe, Mark"]
[Black "Kirmes, Hans-Uwe"]
[Result "0-1"]
[WhiteElo "1006"]
[BlackElo "1389"]
[PlyCount "72"]
[EventDate "2009.??.??"]
[SourceDate "2009.04.03"]

1. Nc3 e5 2. e4 Nf6 3. Bc4 Nc6 4. Nf3 Bc5 5. d3 d6 6. Bg5 Be6 7. Nd5 Bxd5 8.
Bxd5 h6 9. Bd2 Nxd5 10. exd5 Nd4 11. c4 a6 12. b4 Nxf3+ 13. Qxf3 Bd4 14. Rb1
O-O 15. Qg3 Qf6 16. O-O Rfe8 17. Rbe1 Re7 18. Kh1 Rae8 19. h3 e4 20. f4 exf3
21. Rxf3 Rxe1+ 22. Bxe1 Qe7 23. Rf1 Qe2 24. Qf4 Bf6 25. Bc3 Bxc3 26. Qxf7+ Kh8
27. b5 Qxf1+ 28. Qxf1 Re1 29. Qxe1 Bxe1 30. bxa6 bxa6 31. g4 g5 32. a4 Kg7 33.
Kg2 Kf6 34. Kf3 Ke5 35. Ke3 Bc3 36. Ke2 Kd4 0-1

[Event "FSV-ch 2009"]
[Site "Dortmund"]
[Date "2009.05.07"]
[Round "5.23"]
[White "Krüger, Inge"]
[Black "Wangrin, Stefan A"]
[Result "1-0"]
[WhiteElo "1336"]
[BlackElo "948"]
[PlyCount "107"]
[EventDate "2009.??.??"]
[SourceDate "2009.04.03"]

1. d4 d5 2. c4 Nf6 3. Nc3 Bf5 4. Nf3 e6 5. Bg5 Be7 6. e3 h6 7. Bh4 Ne4 8. Bxe7
Kxe7 9. cxd5 Nxc3 10. bxc3 Qxd5 11. Be2 Qa5 12. Qc1 Nd7 13. O-O Raf8 14. a4 f6
15. Rd1 c6 16. Nh4 h5 17. Bd3 Kf7 18. Nxf5 exf5 19. Bc4+ Kg6 20. d5 Ne5 21. Bb3
h4 22. h3 c5 23. c4 Kh5 24. Qc2 g6 25. Qe2+ Kh6 26. f4 Qb6 27. Rab1 Nf7 28. Bc2
Qc7 29. Qf2 Kg7 30. Bd3 Nd6 31. Rdc1 Ne4 32. Bxe4 fxe4 33. Qd2 Rd8 34. Rd1 Rd6
35. a5 a6 {(=)} 36. Rb3 Rb8 37. Rdb1 Kh6 38. Rb6 Qe7 39. Rxd6 Qxd6 40. Rb6 Qd8
41. Qc3 Kg7 42. Qe1 f5 43. Qc3+ Kf7 44. Qe5 Rc8 45. Qe6+ (45. Rxb7+ $1) 45...
Kf8 46. Qxg6 Rc6 47. Qxf5+ Ke8 48. Qxe4+ Kd7 49. dxc6+ bxc6 50. Qxc6+ Ke7 51.
Qe6+ (51. Rb7+ Kf8 52. Qh6+ {nebst Matt im naechsten Zug}) 51... Kf8 52. Qh6+
Ke8 53. Qh8+ Ke7 54. Rb7+ 1-0

[Event "FSV-ch 2009"]
[Site "Dortmund"]
[Date "2009.05.07"]
[Round "5.24"]
[White "Fahle, Karl-Wilhelm"]
[Black "Skoecz, Horst"]
[Result "0-1"]
[WhiteElo "1201"]
[BlackElo "1335"]
[PlyCount "80"]
[EventDate "2009.??.??"]
[SourceDate "2009.04.03"]

1. e4 e6 2. d4 c6 3. e5 d6 4. f4 Nh6 5. Nf3 Nf5 6. Bd3 Be7 7. Bxf5 exf5 8. O-O
Be6 9. Qd3 Na6 10. a3 b5 11. Nbd2 Nc7 12. c4 bxc4 13. Nxc4 d5 14. Ne3 g6 15.
Bd2 Qb8 16. Nc2 Bc8 17. Rfc1 Ba6 18. Qc3 Bc4 19. Nb4 Qb7 20. Rab1 Nb5 21. Qe3
Nc7 22. b3 Bb5 23. a4 Bxb4 24. Bxb4 Ba6 25. Bd6 Ne6 26. Ng5 Qd7 27. Nxe6 fxe6
28. Qc3 Bb7 29. b4 Rc8 30. Qb3 Qd8 31. a5 Ba6 32. Rc5 Bb5 33. Rbc1 g5 34. Qg3
Rg8 35. Qh3 Qd7 36. Qh5+ Qf7 37. Qxf7+ Kxf7 38. R1c3 gxf4 39. Rf3 Rg7 40. Rxf4
Rcg8 {Partieunterbrechung bei Blaettchenfall von Weiss. - Die Stellung musste
wegen beidseits unvollstaendiger und augenscheinlich fehlerhafter Notation
rekonstruiert werden, um sicherzustellen, dass keine Zeitueberschreitung
vorlag. Weiss weigerte sich, an der schliesslich ohne ihn erfolgten
Rekonstruktion mitzuwirken und anschliessend ausserdem, die Partie mit dem 41.
Zug wiederaufzunehmen (mit der Begruendung, ihm stuende eine Remis zu). Die
Partie wurde daraufhin fuer Weiss als verloren erklaert, der Spieler wurde von
der weiteren Teilnahme am Turnier ausgeschlossen. - P. Schulenburg} 0-1

[Event "FSV-ch 2009"]
[Site "Dortmund"]
[Date "2009.05.07"]
[Round "5.25"]
[White "Griese, Andreas"]
[Black "Gerke, Dieter"]
[Result "0-1"]
[WhiteElo "1170"]
[BlackElo "1598"]
[PlyCount "88"]
[EventDate "2009.??.??"]
[SourceDate "2009.04.03"]

1. d4 e6 2. c4 d5 3. Nc3 Nf6 4. Bg5 c6 5. Nf3 Be7 6. e3 O-O 7. Bd3 Nbd7 8. O-O
Re8 9. Rc1 h6 10. Bh4 Nf8 11. Qc2 dxc4 12. Bxc4 Ng6 13. Bxf6 Bxf6 14. Bd3 Ne7
15. Ne4 Nd5 16. Nxf6+ Qxf6 17. a3 Re7 18. Ne5 Bd7 19. Ng4 Qg5 20. Qe2 f5 21. f4
Qxg4 22. Qxg4 fxg4 23. Rfe1 Rf8 24. g3 Be8 25. e4 Nxf4 26. gxf4 Rxf4 27. Rf1 g5
28. Rf2 Bg6 29. Rcf1 Rxf2 30. Rxf2 Rf7 31. Rxf7 Kxf7 32. Kf2 h5 (32... e5 $1)
33. Ke3 h4 34. Bf1 Ke7 35. e5 Bc2 36. Be2 Bf5 37. b4 h3 38. Kf2 Kf7 39. Kg3 Kg6
40. Bxg4 b5 (40... Bxg4 41. Kxg4 b5 42. Kxh3 Kh5 43. Kg3 g4 44. Kf4 (44. h4 a6)
(44. Kf2 Kh4 45. Kg2 a6 46. Kg1 Kh3 47. Kh1 g3 48. hxg3 Kxg3) 44... Kh4) 41.
Bf3 Bd3 42. Bxc6 Kf5 43. Kxh3 Kf4 44. Bd7 Bf1# 0-1

[Event "FSV-ch 2009"]
[Site "Dortmund"]
[Date "2009.05.07"]
[Round "5.26"]
[White "Ortlepp, Olaf"]
[Black "Skalweit, Wolfgang"]
[Result "1/2-1/2"]
[WhiteElo "1022"]
[BlackElo "1347"]
[PlyCount "123"]
[EventDate "2009.??.??"]
[SourceDate "2009.04.03"]

1. Nf3 d5 2. d4 e6 3. Nbd2 Nf6 4. c3 c5 5. e3 Nc6 6. Be2 b6 7. O-O Bd6 8. Bb5
Bd7 9. Bxc6 Bxc6 10. Ne5 Bb7 11. f4 Qc7 12. Ndf3 h6 13. Qa4+ Ke7 14. Nd2 Rhd8
15. Rf3 Kf8 16. h3 a6 17. Qd1 Nd7 18. Qf1 f6 19. Nd3 Kg8 20. Nf2 f5 21. g3 Rf8
22. Qg2 Nf6 23. Nd3 Ne4 24. Ne5 Bxe5 25. fxe5 Rf7 26. Nxe4 fxe4 27. Rf4 c4 28.
Bd2 Raf8 29. Raf1 Bc6 30. Qe2 b5 31. Qg4 Qe7 32. Rxf7 Rxf7 33. Rxf7 Qxf7 34.
Qf4 Qh5 35. Qg4 Qf7 36. Qf4 Qh5 37. Qg4 Qxg4 38. hxg4 Kf7 39. Kh2 Kg6 40. Kh3
Kg5 41. a3 Be8 42. Bc1 Bg6 43. Bd2 h5 44. gxh5 Bf5+ 45. Kg2 Kxh5 46. Kf2 Bh3
47. Be1 Bg4 48. Bd2 Bf3 49. Be1 g5 50. Bd2 g4 51. Be1 Kg6 52. Bd2 Kf7 53. Bc1
Ke7 54. Ke1 Kd7 55. Kd2 Kc6 56. Ke1 Kb6 57. Kd2 Ka5 58. Kc2 Ka4 59. Bd2 Be2 60.
Kc1 Kb3 61. Be1 a5 62. Bd2 1/2-1/2

[Event "FSV-ch 2009"]
[Site "Dortmund"]
[Date "2009.05.07"]
[Round "5.27"]
[White "Wickenfeld, Udo"]
[Black "Oelze, Eckhardt"]
[Result "0-1"]
[WhiteElo "1220"]
[BlackElo "992"]
[PlyCount "100"]
[EventDate "2009.??.??"]
[SourceDate "2009.04.03"]

1. e4 e5 2. Nf3 Nc6 3. Bb5 Nf6 4. O-O d5 5. Nxe5 Qd6 6. exd5 Nxd5 7. Re1 Be7 8.
Nxc6 bxc6 9. Ba4 Qg6 10. Qf3 O-O 11. c3 Bd6 12. Bxc6 Bxh2+ 13. Kxh2 Qxc6 14. d4
Bb7 15. Nd2 Qd6+ 16. Kg1 Rae8 17. Rxe8 Rxe8 18. Nf1 Re1 19. b3 Qg6 $1 20. Qg3 (
{Oder} 20. Bb2 Rxa1 21. Bxa1 Nf4 $3 22. Qxb7 Ne2+ 23. Kh1 Qh6+ 24. Nh2 Qc1+ 25.
Nf1 Qxf1+ 26. Kh2 g5 {und Schwarz steht auf Gewinn, z.B.} 27. Bb2 h5 {
und das Mattnetz wird allmaehlich zugezogen:} 28. Qc8+ Kg7 29. Qxc7 Qg1+ 30.
Kh3 Nf4+ 31. Kg3 Qxg2# {Ein eindrucksvolles Beispiel fuer die Kraft des
Angriffsduos Dame/Springer, welches im allgemeinen viel gefaehrlicher als Dame/
Laeufer ist.}) 20... Nxc3 ({Noch staerker war} 20... Qxg3 $1 21. fxg3 Nxc3 22.
Bb2 Nd1 $1 23. Bc3 Re2 $1 $19) 21. Qxg6 Ne2+ $2 (21... fxg6 $1 {
(oder 21...hxg6)} 22. Bb2 Nb1 $1 {
und Weiss ist vollkommen machtlos gegen die Drohung ...Lb7-a6, z.B.} 23. Bc3
Rd1 24. Ba5 {und nun nicht etwa sofort ...Lb7-a6 mit Gewinn des Springers,
sondern zunaechst ...c7-c6, um dem wehrlosen Gegner nicht einmal das
Baeuerlein c7 zu goennen!}) 22. Kh2 fxg6 23. Bb2 Rxa1 24. Bxa1 {
Der schwarze Vorteil ist auf ein Minimum zusammengeschmolzen.} 24... g5 (24...
Nc1) 25. g3 Nc1 26. Ne3 Nxa2 27. Nc2 a5 ({oder auch} 27... Bd5 28. b4 Be4 {usw.
}) 28. Bb2 Bd5 $19 29. Na1 h5 ({Der bei Doppelbauern-Komplexen formal korrekte
und wohl auch hier bessere Zug ist} 29... g4 $1 {Der Zug folgt der Regel
"Vordermann [des Doppelbauern] voran!" Solche Zuege engen den Gegner nicht
bloss ein. Versucht letzterer naemlich, die Einengung durch Abtausch des
stoerenden Bauern (hier: g4) abzuschuetteln, bleibt auf der Gegenseite eine
gesunde Bauernmehrheit (hier: 2:1 fuer Schwarz) uebrig!}) 30. Ba3 g4 31. Be7
Nc3 32. Bd8 Nb5 33. Kg1 Kf7 {Eine lehrreiche Stellung, wenn man die Anmerkung
zum 29. Zug von Schwarz genau studiert! Haette Schwarz naemlich auf den fuer
sein einengendes Spiel entbehrlichen Zug ...h7-h5 verzichtet und nur ...g5-g4
gespielt, haette er in dieser Stellung noch einen Zug gut und mehr Kontrolle
ueber die schwarzen Felder. Der Gratis-Zug wuerde dann ...h7-h6!! lauten.
Prompt koennte dann Weiss am Zug nicht mehr verhindern, dass sein Laeufer
mittels ...Kf7-e8 erobert wuerde!} 34. Kf1 Ke6 35. Ke1 Kf5 36. Nc2 Ke4 37. Bg5
Bxb3 38. Na1 a4 39. Nxb3 axb3 40. Kd2 Nxd4 41. Kc3 c5 42. Be7 Kd5 ({
Etwas schneller scheint} 42... c4 {zum Ziel zu fuehren, weil es den Springer
von der Deckung des b-Bauern entbindet.}) 43. Bf8 c4 44. Bxg7 Ne2+ 45. Kd2 Ng1
(45... c3+ $1 46. Bxc3 (46. Kxe2 b2) 46... Nxc3 47. Kxc3) 46. Ke3 Kc5 47. Bc3
Kb5 48. Kd2 Nh3 49. Ke2 Ka4 50. Bb2 Kb4 0-1

[Event "FSV-ch 2009"]
[Site "Dortmund"]
[Date "2009.05.07"]
[Round "5.28"]
[White "Hast, Stefan"]
[Black "Böckmann, Lieselotte"]
[Result "1-0"]
[WhiteElo "1185"]
[BlackElo "972"]
[PlyCount "97"]
[EventDate "2009.??.??"]
[SourceDate "2009.04.03"]

1. e4 c5 2. Nf3 e6 3. Bc4 Be7 4. Nc3 Nc6 5. d3 a6 6. a3 d6 7. Be3 Nf6 8. O-O
Bd7 9. Qe2 O-O 10. h3 Ne5 11. Nxe5 dxe5 12. Rfd1 Ne8 13. f4 Bd6 14. fxe5 Bxe5
15. Bxc5 Bd6 16. Bf2 Be7 17. Bg3 b5 18. Bb3 b4 19. axb4 Bxb4 20. Na2 Bc5+ 21.
Kh1 Bd4 22. c3 Bf6 23. d4 Nc7 24. Nb4 Rb8 25. Bxc7 Qxc7 26. Nxa6 Bb5 27. Qc2 (
27. Qxb5 Rxb5 28. Nxc7 Rxb3 29. Rdb1 $18) 27... Bxa6 28. Rxa6 Qc8 29. e5 Qxa6
30. exf6 g6 31. Qd2 Kh8 32. Qh6 Rg8 33. Bc2 Qe2 34. Rc1 Qf2 (34... Rxb2 $18)
35. b4 Qxf6 36. Kg1 Qg7 37. Qf4 Rbf8 38. b5 g5 39. Qe5 f6 40. Qxe6 Re8 41. Qf5
h6 42. b6 Re7 43. Rb1 Qg6 44. Qxg6 Rxg6 45. Bxg6 Kg7 46. b7 Kxg6 47. b8=Q Kh5
48. Qg3 Re4 49. Qf3+ 1-0

[Event "FSV-ch 2009"]
[Site "Dortmund"]
[Date "2009.05.04"]
[Round "5.29"]
[White "Maffei, Hendrik"]
[Black "Grüneberg, Ingo"]
[Result "1-0"]
[WhiteElo "1164"]
[BlackElo "1176"]
[PlyCount "61"]
[EventDate "2009.??.??"]
[SourceDate "2009.04.03"]

1. Nf3 Nf6 2. g3 g6 3. d4 Bg7 4. Bg2 O-O 5. Bg5 d6 6. O-O c5 7. c3 Nc6 8. Nbd2
Qb6 9. Nb3 e5 10. dxe5 Nxe5 11. Nxe5 dxe5 12. Qc1 Be6 13. Bh6 Bxb3 14. axb3
Rad8 15. Bxg7 Kxg7 16. Qg5 Rfe8 17. h4 Qxb3 18. Rxa7 Rd1 19. Rxd1 Qxd1+ 20. Bf1
Qb3 21. Qc1 Qb6 22. Qa1 Rd8 23. b4 cxb4 24. cxb4 Nd7 25. Bg2 Qxb4 26. Rxb7 Qd6
27. Qa2 Nf6 28. Qxf7+ Kh6 29. Qg7+ Kh5 30. Bf3+ Ng4 31. Qxh7# 1-0

[Event "FSV-ch 2009"]
[Site "Dortmund"]
[Date "2009.05.25"]
[Round "6.1"]
[White "Wickenfeld, Stefan"]
[Black "Morawietz, Manuel"]
[Result "0-1"]
[WhiteElo "1833"]
[BlackElo "1817"]
[PlyCount "106"]
[EventDate "2009.??.??"]
[SourceDate "2009.04.03"]

1. e4 e6 2. d4 d5 3. e5 c5 4. c3 Nc6 5. Nf3 Nge7 6. Na3 Nf5 7. Nc2 Bd7 8. Bd3
c4 9. Bxf5 exf5 10. Bf4 Be7 11. Qd2 h6 12. h4 Be6 13. Ne3 Qd7 14. O-O Qd8 15.
h5 g5 16. hxg6 fxg6 17. Bh2 Qd7 18. b3 b5 {(=)} 19. a4 Na5 20. bxc4 Nb3 21. Qb2
bxc4 22. Ra2 {(=)} 22... O-O 23. Nd2 f4 24. Nd1 Rab8 25. Nxb3 Rxb3 26. Qd2 Bg5
27. f3 a5 28. Nf2 Kg7 29. Rfa1 Qf7 30. Rb2 Rfb8 31. Rab1 Qd7 32. Rxb3 Rxb3 33.
Rxb3 cxb3 34. Nd1 Qxa4 35. Bxf4 Bxf4 36. Qxf4 Qd7 37. Nb2 Qf7 38. Qc1 Qf5 39.
Qa1 Bf7 40. Qxa5 Qb1+ 41. Kh2 Qxb2 42. Qd8 {(=)} 42... Qa3 43. Qf6+ Kg8 44. e6
Qd6+ 45. f4 Qxe6 46. Qd8+ Qe8 47. Qb6 Qa4 48. Qb8+ Be8 49. Qd6 Qc6 50. Qb4 Qb5
51. Qe7 b2 52. f5 b1=Q 53. f6 Qb8+ 0-1

[Event "FSV-ch 2009"]
[Site "Dortmund"]
[Date "2009.05.28"]
[Round "6.2"]
[White "Jost, Udo"]
[Black "Lindam, Ingo"]
[Result "0-1"]
[WhiteElo "1826"]
[BlackElo "2051"]
[PlyCount "40"]
[EventDate "2009.??.??"]
[SourceDate "2009.04.03"]

1. e4 d5 2. exd5 Nf6 3. Bb5+ Bd7 4. Be2 Bf5 5. c4 c6 6. Qa4 Nbd7 7. dxc6 bxc6
8. d4 e5 9. d5 Nc5 10. Qd1 Qb6 11. Nf3 e4 12. Ne5 Bd6 13. Nxc6 Ng4 14. Qd4 Be5
15. Nxe5 Nd3+ 16. Qxd3 Qxf2+ 17. Kd1 exd3 18. Nxd3 Qd4 19. Re1 Nf2+ 20. Kc2 O-O
0-1

[Event "FSV-ch 2009"]
[Site "Dortmund"]
[Date "2009.05.28"]
[Round "6.3"]
[White "Begna, Bozidar"]
[Black "Hillebrand, Carsten"]
[Result "1/2-1/2"]
[WhiteElo "1935"]
[BlackElo "1878"]
[PlyCount "76"]
[EventDate "2009.??.??"]
[SourceDate "2009.04.03"]

1. e4 c5 2. c3 Nf6 3. e5 Nd5 4. d4 e6 5. Nf3 Be7 6. Bd3 Nc6 7. a3 d6 (7... cxd4
8. cxd4) 8. O-O O-O 9. Re1 Qc7 10. Bg5 dxe5 (10... Bxg5 11. Nxg5 h6) 11. dxe5
Qd8 (11... Bxg5 12. Nxg5 h6 13. Nf3 Rd8 14. Qc2 $11) 12. Bxe7 Qxe7 13. Nbd2 Nb6
14. Qe2 Nd7 15. Qe4 g6 16. h4 Rd8 17. Nc4 Rb8 18. Rad1 b5 19. Nd6 Ncxe5 (19...
Ndxe5 20. Nxe5 $18) 20. Nxe5 Qxd6 21. Bxb5 Qc7 22. Bxd7 (22. Qc6 Qxc6 23. Bxc6
$18) 22... Bxd7 23. b4 Bb5 24. Ng4 Qe7 (24... h5) 25. Qe5 Qxh4 26. Nf6+ Kf8 27.
Rxd8+ (27. Rd6 $18) 27... Rxd8 28. Qxc5+ Kg7 29. Qxb5 Qxf6 30. Qe5 Rd2 31. Qe3
(31. Qxf6+ Kxf6 32. c4) 31... Rc2 32. Qxa7 Qxc3 33. Qe3 Qf6 34. a4 Rb2 35. b5
Rb4 36. Qa3 Qd4 37. Ra1 Rb2 38. Rf1 Rb4 1/2-1/2

[Event "FSV-ch 2009"]
[Site "Dortmund"]
[Date "2009.05.28"]
[Round "6.4"]
[White "Grube, Jörg"]
[Black "Lauche, Christoph"]
[Result "0-1"]
[WhiteElo "1800"]
[BlackElo "1914"]
[PlyCount "52"]
[EventDate "2009.??.??"]
[SourceDate "2009.04.03"]

1. g3 e5 2. Bg2 Nc6 3. d3 d5 4. Nd2 Be6 5. e3 Qd7 6. h3 f5 7. Ne2 Nf6 8. a3 Bd6
9. Rb1 a5 10. b3 O-O 11. Bb2 Rae8 12. O-O f4 13. Kh2 g5 14. exf4 exf4 15. gxf4
Nh5 16. Nd4 Rxf4 17. Kg1 Bf7 18. Nb5 Be5 19. Re1 Bxb2 20. Rxe8+ Qxe8 21. Rxb2
Qe5 22. Rb1 Qf5 23. Qe2 g4 24. Nxc7 gxh3 25. Bh1 Rg4+ 26. Kh2 Qf4+ 0-1

[Event "FSV-ch 2009"]
[Site "Dortmund"]
[Date "2009.05.28"]
[Round "6.5"]
[White "Stukemeier, Ralf"]
[Black "Sonntag, Joachim"]
[Result "0-1"]
[WhiteElo "1784"]
[BlackElo "1789"]
[PlyCount "74"]
[EventDate "2009.??.??"]
[SourceDate "2009.04.03"]

1. e4 e5 2. Nf3 Nc6 3. d4 exd4 4. Nxd4 Bc5 5. Be3 Qf6 6. c3 Nge7 7. Bc4 Ne5 8.
Be2 N7c6 9. O-O O-O 10. Kh1 Qg6 11. f3 d6 12. Nd2 Bb6 13. a4 f5 14. Bg1 f4 15.
b4 a5 16. Qb3+ Kh8 17. b5 Ne7 18. Nc4 Nxc4 19. Bxc4 Rf6 20. Rfe1 Qg5 21. Rad1
Ng6 22. Rd2 Ne5 23. Bf1 Rg6 24. c4 Bd7 25. Red1 Bc5 26. Bf2 Rf8 27. Bg1 Rff6
28. Nc6 bxc6 29. bxc6 $2 (29. Bxc5 dxc5 30. Rxd7 Nxd7 31. Rxd7) 29... Be8 30.
Bxc5 dxc5 31. Rd8 Rf8 32. Qb8 Qe7 33. R1d7 Qe6 34. Qxc7 Nxc6 35. Rd6 Qe7 $4 (
35... Nxd8 $1 36. Rxe6 Nxe6) 36. Qxe7 $4 (36. Rxc6 $1 Qxd8 37. Qxd8 Rxc6 38.
Qxa5) 36... Nxe7 37. Rxg6 Nxg6 0-1

[Event "FSV-ch 2009"]
[Site "Dortmund"]
[Date "2009.05.28"]
[Round "6.6"]
[White "Dite, Alexander"]
[Black "Zelt, Jens"]
[Result "0-1"]
[WhiteElo "1602"]
[BlackElo "2024"]
[PlyCount "84"]
[EventDate "2009.??.??"]
[SourceDate "2009.04.03"]

1. d4 d6 2. c4 g6 3. e4 Nd7 4. Be2 c5 5. Nf3 Bg7 6. O-O cxd4 7. Nxd4 Ngf6 8.
Qc2 O-O 9. Nc3 Nc5 10. Nf3 Qc7 11. Bf4 Ne6 12. Be3 Re8 13. Rac1 Bd7 14. Nd4
Nxd4 15. Bxd4 Bc6 16. f3 b6 17. Nb5 Qb7 18. Be3 Rac8 19. Qd2 Qb8 20. b3 Red8
21. Rc2 Bxb5 22. cxb5 Rxc2 23. Qxc2 d5 24. exd5 Nxd5 25. Bd2 Bd4+ 26. Kh1 Be5
27. h3 Bg3 28. Bc4 Nf6 29. Bg5 Qd6 30. Bxf6 Qxf6 31. Rd1 Bd6 32. Qe4 Rf8 33. a4
Qg5 34. Qe1 Rc8 35. Qf1 Qg3 36. Qg1 Rc5 37. Rd5 Rc7 38. Rd1 e6 39. Rd2 Rc5 40.
Re2 Rh5 41. Rd2 Rh4 42. Bf1 Bc5 (42... Bc5 43. Qh2 Qe1 $19 {Ein typisches
Beispiel dafuer, dass ungleichfarbige Laeufer nicht immer die
Wahrscheinlichkeit eines Remis erhoehen. Sind noch Damen anwesend und gibt es
wunde Punkte in einer Koenigsstellung, gilt stets das Gegenteil!}) 0-1

[Event "FSV-ch 2009"]
[Site "Dortmund"]
[Date "2009.05.28"]
[Round "6.7"]
[White "Lemke, Philipp"]
[Black "Volmer, Martin"]
[Result "0-1"]
[WhiteElo "1756"]
[BlackElo "1586"]
[PlyCount "74"]
[EventDate "2009.??.??"]
[SourceDate "2009.04.03"]

1. e4 c5 2. Nf3 Nc6 3. d4 cxd4 4. Nxd4 Nf6 5. Nc3 e6 6. Be3 d6 7. Qd2 Be7 8.
Be2 a6 9. O-O-O Qc7 10. f4 Na5 11. g4 b5 12. Bf3 Nc4 13. Qf2 Bb7 14. g5 Nd7 15.
Nb3 Rc8 16. Rhe1 Nxb2 17. Kxb2 Qxc3+ 18. Kb1 Qc7 19. h4 Nc5 20. Bd4 e5 21. Nxc5
exd4 22. Nxb7 Qxb7 23. e5 d5 24. Qxd4 Qc7 25. Re2 O-O 26. h5 Rfd8 27. Bxd5 Qa5
28. g6 Rc4 29. Qd3 Kh8 30. gxf7 Ba3 31. Bxc4 Rxd3 32. Rxd3 bxc4 33. Rxa3 Qxa3
34. e6 $4 (34. c3) 34... c3 35. f8=Q+ Qxf8 36. e7 Qb8+ 37. Kc1 Qb2+ 0-1

[Event "FSV-ch 2009"]
[Site "Dortmund"]
[Date "2009.05.28"]
[Round "6.9"]
[White "Raabe, Hans-Ulrich"]
[Black "Geelhaar, Thorsten"]
[Result "1-0"]
[WhiteElo "1520"]
[BlackElo "1757"]
[PlyCount "29"]
[EventDate "2009.??.??"]
[SourceDate "2009.04.03"]

1. e4 e5 2. Nf3 d6 3. d4 exd4 4. Nxd4 Nf6 5. Nc3 Be7 6. Be2 O-O 7. O-O Re8 8.
Re1 a6 9. Be3 b5 10. a3 c5 11. Nf5 Nxe4 12. Nxe7+ Rxe7 13. Nxe4 Rxe4 14. Qd5
Rxe3 15. Qxa8 1-0